| 000 | 00000nam 2200000za 4500 |
| 001 | 9.644217 |
| 003 | CaOODSP |
| 005 | 20210624224537 |
| 007 | cr ||||||||||| |
| 008 | 150407s1960||||xxcao|||o f000 0 fre d |
| 040 | |aCaOODSP|bfre |
| 043 | |an-cn--- |
| 086 | 1 |aA43-759/1960F-PDF |
| 245 | 10|aLes maladies de la tomate |h[ressource électronique] / |c[par] G.H. Berkeley et J.N. Richardson. |
| 250 | |a2e revision. |
| 260 | |aOttawa : |bService de recherches, Ministère de l'agriculture du Canada, |c1960. |
| 300 | |a28 p. : |bill. |
| 500 | |a"Mai 1960". |
| 500 | |a1re édition (bulletin nº 51), 1927 ; 1re revision (publication nº 759), 1944. |
| 500 | |aPublication historique numérisée par Agriculture et Agroalimentaire Canada. |
| 590 | |a15-02-Supp|b2015-02-16 |
| 700 | 1 |aBerkeley, G. H. |
| 710 | 1 |aCanada. |bMinistère de l'agriculture. |
| 720 | 1 |aRichardson, J. N. |
| 856 | 40|ahttp://publications.gc.ca|qPDF|s2.48 Mo|uhttps://publications.gc.ca/collections/collection_2015/aac-aafc/A43-759-1960-fra.pdf |
| 986 | |aPublication 759 |